000 00796nam a2200229Ia 4500
003 GCL
008 140319s9999 xx 000 0 ara d
040 _aGCL /
_cGCL
082 0 4 _a956.531
_bم د
100 1 _aالمديرية العامة للاثار والمتاح
245 1 0 _aدمشق دراسات تاريخية واثرية /
_cالمديرية العامة للاثار والمتاح
260 _a[S.N] :
_bمطبوعات المديرية العامة للاثار والتحف ،
_c1980
300 _a215 ص
490 _a
650 0 4 _aالحروب الصليبية
650 0 4 _aسوريا
650 0 4 _aدمشق
650 0 4 _aالتاريخ الاسلامى
650 0 4 _aالاثار الاسلامية
650 0 4 _aالحظائر الاثرية
942 _2ddc
_cBK
999 _c35848
_d35848